A History of philosophy : (Record no. 29174)
[ view plain ]
| 000 -LEADER | |
|---|---|
| fixed length control field | 01486cam a22003251 4500 |
| 001 - CONTROL NUMBER | |
| control field | 29174 |
| 003 - CONTROL NUMBER IDENTIFIER | |
| rucl marc code | BD-RjUL |
| 005 - DATE AND TIME OF LATEST TRANSACTION | |
| control field | 20211209051400.0 |
| 008 - FIXED-LENGTH DATA ELEMENTS--GENERAL INFORMATION | |
| fixed length control field | 140402s1880 nyu 000 0 eng |
| 035 ## - SYSTEM CONTROL NUMBER | |
| System control number | (BD-RjUL)29259 |
| System control number | (OCoLC)494491 |
| 040 ## - CATALOGING SOURCE | |
| Original cataloging agency | DLC |
| Transcribing agency | OKentU |
| Modifying agency | OCoLC |
| -- | DLC |
| -- | BD-RjUL |
| Language of cataloging | eng |
| 041 1# - LANGUAGE CODE | |
| Language code of text/sound track or separate title | eng |
| Language code of original | ger |
| 082 ## - DEWEY DECIMAL CLASSIFICATION NUMBER | |
| Classification number | 109 |
| Author mark and year | UEH V-1 1880 |
| 100 1# - MAIN ENTRY--PERSONAL NAME | |
| Personal name | Ueberweg, Friedrich, |
| Dates associated with a name | 1826-1871. |
| 9 (RLIN) | 89062 |
| 245 12 - TITLE STATEMENT | |
| Title | A History of philosophy : |
| Remainder of title | from Thales to the present time / |
| Statement of responsibility, etc. | By Dr. Friedrich Ueberweg ; tr. from the 4th German ed. by Geo. S. Morris. With additions, by Noah Porter. |
| Number of part/section of a work | VOL. I : History of the Ancient and Mediaval Philosophy. |
| 250 ## - EDITION STATEMENT | |
| Edition statement | 3rd ed. |
| 260 ## - PUBLICATION, DISTRIBUTION, ETC. (IMPRINT) | |
| Place of publication, distribution, etc. | London : |
| Name of publisher, distributor, etc. | Hodder and Stoughton, |
| Date of publication, distribution, etc. | 1880. |
| 300 ## - PHYSICAL DESCRIPTION | |
| Pagination | xv, 487 p. ; |
| Size | 25 cm. |
| 490 0# - SERIES STATEMENT | |
| Series statement | Theological and philosophical library: a series of text-books, original and translated for colleges and theological seminaries / ed. by Henry B. Smith, and Philip Schaff. vols. I.-II. of the philosophical division: Ueberweg's History of Philosophy. |
| 505 0# - FORMATTED CONTENTS NOTE | |
| Formatted contents note | I. History of the ancient and mediæval philosophy.--II. History of modern philosophy. |
| 650 #0 - SUBJECT ADDED ENTRY--TOPICAL TERM | |
| Topical term or geographic name as entry element | Philosophy |
| General subdivision | History. |
| 9 (RLIN) | 89063 |
| 700 1# - ADDED ENTRY--PERSONAL NAME | |
| Personal name | Morris, George Sylvester, |
| Dates associated with a name | 1840-1889, |
| Relator term | tr. |
| Personal name | Smith, Henry Boynton, |
| Dates associated with a name | 1815-1877, |
| Relator term | ed. |
| Personal name | Schaff, Philip, |
| Dates associated with a name | 1819-1893, |
| Relator term | joint ed. |
| Personal name | Porter, Noah. |
| 942 ## - ADDED ENTRY ELEMENTS (KOHA) | |
| Source of classification or shelving scheme | Dewey Decimal Classification |
| Koha item type | Books |
| Lost status | Source of classification or shelving scheme | Damaged status | Not for loan | Collection code | Permanent Location | Current Location | Shelving location | Date acquired | Source of acquisition | Cost, normal purchase price | Total Checkouts | Full call number | Date last seen | Copy number | Koha item type |
|---|---|---|---|---|---|---|---|---|---|---|---|---|---|---|---|
| Dewey Decimal Classification | Not For Loan | Non-fiction | Central Library, University of Rajshahi | Central Library, University of Rajshahi | Reading Room | 02/04/1956 | B. H. Blackwell Ltd. | 1.15 | 109 UEH V-1 1880 | 02/04/2014 | C-1 | Books |